Statistics for Countries of the World Without a Map

Click here to take the quiz!

General Stats

  • This quiz has been taken 30,850 times
    (27,780 since last reset)
  • The average score is 143 of 196

Answer Stats

country% Correct
United Kingdom
90%
France
88%
Russia
88%
United States
87%
Germany
86%
Spain
86%
Canada
85%
Finland
85%
Sweden
85%
Ireland
84%
Norway
84%
Albania
83%
Andorra
83%
Austria
83%
Brazil
83%
China
83%
Denmark
83%
Italy
83%
Portugal
83%
Argentina
82%
Australia
82%
Belgium
82%
Iceland
82%
Mexico
82%
Estonia
81%
Greece
81%
Lithuania
81%
Poland
81%
Ukraine
81%
Belarus
80%
Chile
80%
India
80%
Latvia
80%
Luxembourg
80%
Netherlands
80%
Slovakia
80%
Vatican City
80%
Croatia
79%
Czechia
79%
Hungary
79%
Japan
79%
Romania
79%
Slovenia
79%
Switzerland
79%
Afghanistan
78%
Bosnia and
Herzegovina
78%
Bulgaria
78%
Colombia
78%
Liechtenstein
78%
New Zealand
78%
North Korea
78%
Peru
78%
Serbia
78%
South Korea
78%
Turkey
78%
Uruguay
78%
Bolivia
77%
Cuba
77%
Dominican Republic
77%
Indonesia
77%
Monaco
77%
Pakistan
77%
Paraguay
77%
San Marino
77%
Venezuela
77%
Egypt
76%
Iran
76%
Iraq
76%
North Macedonia
76%
Algeria
75%
Armenia
75%
Dominica
75%
Ecuador
75%
Israel
75%
Jamaica
75%
Kosovo
75%
Malta
75%
Montenegro
75%
Panama
75%
Azerbaijan
74%
Costa Rica
74%
Guatemala
74%
Guyana
74%
Haiti
74%
Honduras
74%
Kazakhstan
74%
Moldova
74%
Oman
74%
Saudi Arabia
74%
South Africa
74%
Vietnam
74%
Yemen
74%
Bahamas
73%
Belize
73%
Bhutan
73%
Cambodia
73%
Democratic Republic
of the Congo
73%
El Salvador
73%
Fiji
73%
Laos
73%
Suriname
73%
Thailand
73%
Turkmenistan
73%
Antigua and Barbuda
72%
Bangladesh
72%
Barbados
72%
Cyprus
72%
Jordan
72%
Malaysia
72%
Mongolia
72%
Nicaragua
72%
Niger
72%
Qatar
72%
Tajikistan
72%
United Arab Emirates
72%
Uzbekistan
72%
Bahrain
71%
Georgia
71%
Kyrgyzstan
71%
Nepal
71%
Saint Kitts and Nevis
71%
Saint Lucia
71%
Syria
71%
Angola
70%
Kuwait
70%
Lebanon
70%
Libya
70%
Morocco
70%
Nigeria
70%
Papua New Guinea
70%
Saint Vincent and
the Grenadines
70%
Singapore
70%
Sudan
70%
Trinidad and Tobago
70%
Brunei
69%
Chad
69%
Guinea
69%
Myanmar
69%
South Sudan
69%
Zimbabwe
69%
Ghana
68%
Grenada
68%
Marshall Islands
68%
Micronesia
68%
Samoa
68%
Solomon Islands
68%
Sri Lanka
68%
Taiwan
68%
Tonga
68%
Tuvalu
68%
Zambia
68%
Ethiopia
67%
Kenya
67%
Lesotho
67%
Mali
67%
Palau
67%
Philippines
67%
Somalia
67%
Togo
67%
Vanuatu
67%
Benin
66%
Eswatini
66%
Maldives
66%
Nauru
66%
Timor-Leste
66%
Tunisia
66%
Botswana
65%
Central African
Republic
65%
Djibouti
65%
Eritrea
65%
Guinea-Bissau
65%
Kiribati
65%
Mauritania
65%
Namibia
65%
Rwanda
65%
Senegal
65%
Cameroon
64%
Equatorial Guinea
64%
Gambia
64%
Liberia
64%
Madagascar
64%
Mauritius
64%
Tanzania
64%
Uganda
64%
Burundi
63%
Comoros
63%
Congo
63%
Mozambique
63%
Seychelles
63%
Gabon
62%
Cabo Verde
61%
Côte d'Ivoire
61%
Malawi
61%
Sierra Leone
61%
Burkina Faso
60%
São Tomé
and Príncipe
59%

Score Distribution

Percentile by Number Answered

Percent of People with Each Score

Your Score History

You have not taken this quiz since the last reset